000 02547nam a2200421 c 4500
003 BLK
005 20191105121603.0
008 180408b bul|||||r ||||||| ||bul||
010 _aKNG00096211000
020 _a978-954-9817-62-1
_bиздат.: Книгомания
040 _aBLK
041 _aBUL
_cBUL
080 _aПаметници на културата на историческите периоди. Археологическите паметници. Старини
_b904
_x(100)(036)
_z904(100)(036)
080 _aРегионална география
_b913
_x(100)(036)
_z913(100)(036)
080 _aЗабавно пътуване. Туризъм - пътуване пеша, с кола, колело, автобус, влак, параход, самолет, изкачване на планина, ездене и др. п.
_b379.85
_x(100)(036)
_z379.85(100)(036)
700 1 _aКавендиш, Ричард
_eред.
_974679
700 1 _aКулев, Румен Димитров
_eпрев.
_9372026
139 _a[Хиляда и едно] 1001 исторически места, които непременно трябва да посетите
_bХ 49
245 1 0 _a[Хиляда и едно] 1001 исторически места, които непременно трябва да посетите
_cред. Ричард Кавендиш; прев. Румен Димитров Кулев.
257 _aGBR
260 София
_bКнигомания
_c2009
_fОтпеч. в Китай
300 _a960 с.
_c22 см
380 _a9
500 _aБез сведение за ориг. загл. - Други прев. : Димо Пешев, Мария Йоцова, Мария Цочева. - Съдържа и Показалец на историческите места ; Показалец на Световното наследство на ЮНЕСКО ; Показалец на хора и събития.
650 4 _aПаметници на културата
_9263565
650 4 _aПриродни забележителности
_9255499
650 4 _aТуристически обекти
_9304422
650 4 _aСвободно време
_9245183
653 _aпаметници на културата
653 _aприродни забележителности
653 _aтуристически обекти
653 _aпътеводители
852 _aЦб 248157
856 4 _qpdf
_u
856 4 _qpdf
_u
942 _cKNG
_n0
_01
944 _aCR
_c20.05.2010
_lф /
_kКети_Илиева
944 _aED
_c29.01.2013
_lф /
_k
999 _c91454
_d91454